000 01235cas a2200313 4500
001 45715
021 _b12150/86
090 _a45715
100 _a19981119a19219999m y0pory50030103ba
101 0 _apor
102 _aPT
200 1 _aSeara Nova
_erevista quinzenal de doutrina e critica
_fdir. Raúl Proença (1921-1941)
_fdir. Camara Reys (1921-1961)
_fAugusto Casimiro (1964)
210 9 _aLisboa
_cSeara Nova,
_d1921-
215 _d32 cm
304 _aA partir de 1985 passa a ser dirigida por: Ulpiano Nascimento e propr. da Cooperativa Nova Seara Nova
305 _aDe 1985 a 2004 teve uma numeracão intermédia: N.º 1 verão de 1985 a N.º 83 pimavera 2004; Retomou a numera—cão antiga no n.º 1685 verão de 2004
317 _aBiblioteca Jorge de Sena
317 _aBiblioteca João Gaspar Simões
317 _aDoa—cão José Bragan—ca
675 _a32(469)(05)
702 1 _aProen—ca,
_bRaúl,
_f1884-1941
_4300
702 1 _aNascimento,
_bUlpiano,
_f1915-2012
712 0 2 _aCooperativa Nova Seara Nova
712 0 2 _aSeara Nova
801 0 _aPT
_bBN
_gRPC
856 4 0 _uhttp://ric.slhi.pt/Seara_Nova/revista
856 4 0 _uhttps://purl.pt/30362
856 4 1 _uhttps://purl.pt/30362/service/media/cover/low
990 _cPERIODICOS